00489nam a2200145Ia 4500008004100000041000800041082001900049100001800068245003900086260003300125300002900158365001100187999001500198952013000213240624s9999 xx 000 0 und d aeng a658.834954 KRI aTAHER NASREEN aINDIAN CONSUMER A CHANGING PROFILE c2005aHyderabadbICFAI press av, : 206 : p. : cm. ; 23 cRSb50 c6558d6558 00104070aIMTNbIMTNcRack 37-Bd2007-10-03eICFAIg400.00n2o658.834954 KRIp6558r2024-06-24 00:00:00t1w2024-06-24yBK